01520nam a2200205Ia 4500001001900000003001000019005001700029008004100046040002500087041000700112100004500119245007700164260003500241300001200276500011400288520061700402650001701019654001101036700026701047b3391-25833 [4851]IT-MiCISF20231222112334.0161014s9999||||xx |||||||||||||| ||und|| aIT-MiCISFcIT-MiCISF ait aPizzini Franca, Lombardi Lia (a cura di) 0aMadre provetta.bCosti, benefici e limiti della procreazione artificiale a Milano,bFranco Angeli,c1994 app. 191 aprocreazione-artificiale, sterilità, tecnologie-riproduttive, coppia, bioetica, legislazione, maternità  aIl volume raccoglie le relazioni di tre importanti convegni sulla riproduzione artificiale, tenutisi in Italia negli ultimi anni e organizzati da donne e da organizzazioni femminili. Il tema è affrontato attraverso vari aspetti disciplinari: medici, sociologici, legislativi e psicologici. Sono riportate alcune importanti ricerche svoltesi di recente nel nostro paese sul problema della sterilità e sull'impiego delle tecnologie riproduttive; viene dato conto dell'ampio dibattito sui costi e benefici di esse; è proposta la centralità della donna come principale referente di riflessione e discussione. aprocreazione asaggio a Pizzini F., Wagner M., Spinelli A., Pediconi M., Frontali N., Paro Lari L., Ventimiglia C., Mengarelli M., Flamigni C., Chelo E., Lanzillo R., Zuffa G., Ceci A., Cima L., Diaz A., Tozzi S., Vegetti Finzi S., Fiumanoi M., Boccia M.L., Facchini C., Parolari L.